000 00658nam a2200217 4500
003 OSt
005 20260422082207.0
006 a
008 240628b |||||||| |||| 00| 0 eng d
020 _a9780495903426
040 _aDWCL-Main lib.
_cOC
082 _2c
_aCirc. 150 P729i 2011
100 _aPlotnik, Rod
245 _aIntroduction to psychology /
250 _aNinth edition
260 _aBelmont, CA :
_bWadsworth, Cengage Learning,
_cc2011.
300 _axxxix,
_b712 p. : col. ill. ;
_c28 cm.
504 _aincludes bibliographical references & index.
650 _a1. Psychology-Textbooks.
942 _2ddc
_n0
_cBK-CIRC
_eNinth edition
_kCirc.
999 _c1600
_d1600